| 000 | 00769nam a22002412 4500 | ||
|---|---|---|---|
| 001 | 0000013583 | ||
| 005 | 20151021151125.0 | ||
| 008 | 090928s xx 000 0 eng d | ||
| 020 | _a0764569511 : | ||
| 040 |
_aKABU _cKABU |
||
| 100 | 1 |
_aGaskin, James E. _@0000171033 |
|
| 245 | 1 | 0 |
_aBroadband bible / _cJames E. Gaskin. |
| 250 | _aDesktop ed. | ||
| 260 |
_aIndianapolis, IN : _bWiley, _c2004. |
||
| 300 | _axxvii, 586 p. | ||
| 650 | 0 |
_aBroadband communicatin systems. _@0000171034 |
|
| 650 | 0 |
_aInternet service prividers. _@0000171035 |
|
| 650 | 0 |
_aModems. _@0000171036 |
|
| 650 | 0 |
_aArtificial satellites in telecommunication. _@0000168470 |
|
| 852 | 1 | _9p1950 KES | |
| 908 | _a090928 | ||
| 950 | _@1 | ||
| 999 |
_c907 _d907 |
||